Calculus without derivatives (رقم التسجيلة. 33135)

تفاصيل مارك
000 -الفاتح
حقل البيانات ثابتة الطول 01917cam a22004577a 4500
001 - رقم الضبط
رقم الضبط 10188224
003 - محدد رقم الضبط
رقم الضبط OSt
005 - وقت وتاريخ اخر تعامل مع التسجيلة
رقم الضبط 20150408114203.0
006 - عناصر البيانات ثابتة الطول - خصائص المادة الاضافية-معلومات عامة
حقل البيانات ثابتة الطول m d
007 - الحقل الثابت للوصف المادى- معلومات عامة
حقل البيانات ثابتة الطول cr n
008 - عناصر البيانات ثابتة الطول - معلومات عامة
حقل البيانات ثابتة الطول 120510s2013 nyu sb 001 0 eng d
016 7# - رقم ضبط الوكاله الوطنية للضبط الببليوجرافي
رقم ضبط التسجيلة 016111799
المصدر Uk
020 ## - الرقم الدولى المعيارى للكتب
الرقم الدولى المعيارى للكتاب 9781461445371 (alk. paper)
020 ## - الرقم الدولى المعيارى للكتب
الرقم الدولى المعيارى للكتاب 146144537X (alk. paper)
020 ## - الرقم الدولى المعيارى للكتب
الرقم الدولى المعيارى للكتاب 9781461445388 (ebk.)
035 ## - رقم ضبط النظام
رقم ضبط النظام (WaSeSS)ssj0000813281
040 ## - مصدر الفهرسة
وكالة الفهرسة الأصلية BTCTA
لغة الفهرسة eng
وكالة النسخ BTCTA
وكالة التعديل UKMGB
-- INT
-- OCLCO
-- YDXCP
-- OHX
-- BWX
-- Z@L
-- DLC
-- WaSeSS
042 ## - رمز التحقق
رمز التحقق lccopycat
050 #4 - رقم طلب مكتبة الكونجرس
رقم التصنيف QA303.2
رقم المادة .P46 2013
050 #4 - رقم طلب مكتبة الكونجرس
رقم التصنيف QA402.5
072 #7 - رمز الفئه الموضوعية
رمز فئه الموضوع QA
المصدر lcco
082 04 - رقم تصنيف ديوى العشرى
رقم التصنيف 515
رقم الطبعة 23
رقم المادة PJC
100 1# - المدخل الرئيسى - إسم شخصى
الإسم الشخصى Penot, Jean-Paul,
التواريخ المصاحبة للاسم 1942-
9 (RLIN) 42056
210 10 - العنوان المختصر
العنوان المختصر Calculus without derivatives
245 10 - بيان العنوان
العنوان Calculus without derivatives
الوسيط [electronic resource] /
بيان المسئوليه,etc Jean-Paul Penot.
260 ## - PUBLICATION, DISTRIBUTION, ETC. (IMPRINT)
مكان الناشر او الموزع New York :
اسم الناشر او الموزع Springer,
تاريخ النشر أو التوزيع c2013.
490 1# - بيان السلسلة
عنوان السلسلة Graduate texts in mathematics ;
رقم المجلد/ التعيين التسلسلي 266
504 ## - تبصرة ببليوجرافية
تبصرة ببليوجرافية,الخ Includes bibliographical references (p. 479-517) and index.
505 0# - تبصرة محتويات-الفهرس
تبصرة المحتويات المصاغة Metric and Topological Tools -- Elements of Differential Calculus -- Elements of Convex Analysis -- Elementary and Viscosity Subdifferentials -- Circa-Subdifferentials, Clarke Subdifferentials -- Limiting Subdifferentials -- Graded Subdifferentials, Ioffe Subdifferentials.
506 ## - تبصرة قيود الاتاحة
قيود الإتاحة License restrictions may limit access.
650 #0 - المدخل الاضافى بالموضوع-مصطلح موضوعى
مصطلح موضوعي أو اسم جغرافي كعنصر مدخل Calculus.
650 #0 - المدخل الاضافى بالموضوع-مصطلح موضوعى
مصطلح موضوعي أو اسم جغرافي كعنصر مدخل Differential calculus.
9 (RLIN) 42057
650 #0 - المدخل الاضافى بالموضوع-مصطلح موضوعى
مصطلح موضوعي أو اسم جغرافي كعنصر مدخل Functional analysis.
9 (RLIN) 4418
650 #0 - المدخل الاضافى بالموضوع-مصطلح موضوعى
مصطلح موضوعي أو اسم جغرافي كعنصر مدخل Nonsmooth optimization.
9 (RLIN) 42058
650 #0 - المدخل الاضافى بالموضوع-مصطلح موضوعى
مصطلح موضوعي أو اسم جغرافي كعنصر مدخل Mathematical optimization.
9 (RLIN) 12151
773 #0 - مدخل المادة المضيفة
العنوان SpringerLink ebooks - Mathematics and Statistics (2013)
830 #0 - المدخل الاضافى بالسلسلة -عنوان موحد
عنوان موحد Graduate texts in mathematics ;
رقم المجلد/ التعيين التسلسلي 266.
9 (RLIN) 42059
856 40 - الوصول و الموقع الالكترونى
معرف المصدر الموحد <a href="http://www.columbia.edu/cgi-bin/cul/resolve?clio10188224">http://www.columbia.edu/cgi-bin/cul/resolve?clio10188224</a>
تبصرة عامة Full text available from SpringerLink ebooks - Mathematics and Statistics (2013)
910 ## - بيانات اختيارية للمستخدم
User-option data Library of Congress record
942 ## - عناصر المدخل الإضافي( كوها)
مصدر التصنيف او مخطط الترفيف Dewey Decimal Classification
Koha [default] item type DVD
المقتنيات
حالة الفقد نموذج السعر الفعال حالة تلف ليس للاعارة رقم الطلب تاريخ الاكتساب الموقع الحالي الفرع الرئيسي Date last seen نوع المادة فى نظام كوها مصدر التصنيف او خطة الترفيف Total Checkouts
  2014-01-11     515 PJC 2014-01-11 المكتبة المركزية بالمجمعة (CL) المكتبة المركزية بالمجمعة (CL) 2014-01-11 كتاب Dewey Decimal Classification